Colombia la senda dorada del trigo: episodios de molineros, pan y panaderos 1800 a 1999
Saved in:
| Hovedforfatter: | |
|---|---|
| Format: | Bog |
| Sprog: | spansk |
| Udgivet: |
Bogotá
Thomas de Quincey
2000
|
| Fag: | |
| Tags: |
Tilføj Tag
Ingen Tags, Vær først til at tagge denne postø!
|
MARC
| LEADER | 00000nam a2200000 a 4500 | ||
|---|---|---|---|
| 001 | UCN6559 | ||
| 003 | CL-VaPUC | ||
| 008 | 010928e20000000CK |||||||||||||||||spa|d | ||
| 082 | 0 | 4 | |a Co863 |b MIR |2 21 |
| 100 | |a Miranda, Alvaro |e autor |9 462197 | ||
| 245 | 1 | 0 | |a Colombia la senda dorada del trigo: episodios de molineros, pan y panaderos 1800 a 1999 |
| 300 | |a 260 p | ||
| 942 | |c BK | ||
| 945 | |d 20010928 00:00:00 |a crobeson | ||
| 260 | |a Bogotá |b Thomas de Quincey |c 2000 | ||
| 650 | 7 | |a PROSA COLOMBIANA |2 CL-VaPUC |9 342788 | |
| 650 | 0 | |a Literatura colombiana |9 315578 | |
| 583 | |a last modification |c 20010928 00:00:00 |k Rodrigo Vera | ||
| 999 | |c 297267 |d 297265 | ||
| 952 | |0 0 |1 0 |4 0 |6 CO_863_000000000000000_MIR_2000 |7 0 |8 A |9 351847 |a BIBEDU |b BIBEDU |d 2019-11-21 |i 3707245 |o Co863 MIR 2000 |p 3707245 |r 2019-11-21 |w 2019-11-21 |y BK |k LIT | ||